[Event "It"]
[Site "masterchessopen.com Hastings (England)"]
[Round "9"]
[White "O'kelly De Galway Alberic (BEL)"]
[Black "Phillips Alan (ENG)"]
[Result "1-0"]
[WhiteElo "2460"]
[BlackElo "2126"]

1.d4 Nf6 2.c4 g6 3.g3 Bg7 4.Bg2 d5 5.cxd5 Nxd5 6.e4 Nb6 7.Ne2 O-O 8.O-O c5
9.d5 e6 10.Nbc3 exd5 11.exd5 Nc4 12.Ne4 Nxb2 13.Qc2 Na4 14.Qxa4 Bxa1 15.Bg5 f6
16.Bh6 Be5 17.Bxf8 Qxf8 18.f4 Bd6 19.N2c3 f5 20.Nxd6 Qxd6 21.Nb5 Qe7 22.Nc7
Qxc7 23.Qe8+ Kg7 24.Re1 Kf6 25.Qh8+ {#r} 1-0

[Event "It"]
[Site "masterchessopen.com Montevideo (Uruguay)"]
[Round "0"]
[White "Alvarez Jose_ (CUB)"]
[Black "Carvalho Flavio"]
[Result "0-1"]
[WhiteElo "2368"]
[BlackElo "2260"]

1.d4 Nf6 2.c4 g6 3.g3 Bg7 4.Bg2 d5 5.cxd5 Nxd5 6.e4 Nb6 7.Ne2 e5 8.d5 O-O
9.Qb3 Kh8 10.h4 Na6 11.Bg5 Qd6 12.Nd2 Bg4 13.f3 Bd7 14.Nc3 Nb4 15.Bf1 a5 16.a3
Na6 17.Be3 f5 18.Bxb6 a4 19.Bxc7 Qxc7 20.Qd1 fxe4 21.Ndxe4 Qb6 22.Qe2 Rac8
23.Qf2 Nc5 24.Be2 Qa5 25.Nxc5 Rxc5 26.Kf1 e4 27.Nxe4 Rxd5 28.Nc3 Rd2 29.Rd1
Rxb2 30.Rxd7 Qxc3 31.Rd3 Qc2 32.Qe3 b5 33.Rh2 Qc6 34.Kg2 Re8 35.Rd6 Rxe2+ {#R}
0-1

[Event "Ch Club Argentino"]
[Site "masterchessopen.com Buenos Aires (Argentina)"]
[Round "0"]
[White "Lipiniks Leonardo (PAR)"]
[Black "Benko Francisco (ARG)"]
[Result "1-0"]
[WhiteElo "1848"]
[BlackElo "2036"]

1.c4 Nf6 2.d4 g6 3.g3 d5 4.cxd5 Nxd5 5.Bg2 Bg7 6.e4 Nb6 7.Ne2 c5 8.d5 O-O
9.O-O e6 10.Nec3 Na6 11.a4 exd5 12.exd5 Bf5 13.Na3 Nb4 14.a5 Nc8 15.Be3 Na6
16.Nc4 Nd6 17.Nxd6 Qxd6 18.Qb3 Qd7 19.Rad1 Rfc8 20.d6 Rab8 21.Rfe1 b5 22.axb6
Rxb6 23.Qc4 Be6 24.Bd5 Qxd6 25.Bg5 Bxd5 26.Nxd5 Qb8 27.Ne7+ Kh8 28.Nxc8 h6
29.Rd8+ Kh7 30.Qxf7 Rb7 31.Qg8# 1-0

[Event "?"]
[Site "masterchessopen.com Santa Fe (Argentina)"]
[Round "0"]
[White "Casas Fernando (ARG)"]
[Black "Gligoric Svetozar (SRB)"]
[Result "0-1"]
[WhiteElo "2245"]
[BlackElo "2447"]

1.d4 Nf6 2.c4 g6 3.g3 Bg7 4.Bg2 d5 5.cxd5 Nxd5 6.e4 Nb6 7.Ne2 O-O 8.Nbc3 Nc6
9.d5 Nb8 10.O-O c6 11.a4 cxd5 12.exd5 Nc4 13.Qb3 Nd6 14.Be3 Nd7 15.Nb5 a6
16.Na7 Ne5 17.Nxc8 Rxc8 18.Bh3 Rc4 19.Bb6 Nf3+ 20.Kh1 Nd2 21.Qe3 Nxf1 22.Rxf1
Qe8 23.b3 Rc2 24.Nd4 Ra2 25.Re1 f5 26.Ne6 Ne4 27.Nxg7 Kxg7 28.Bd4+ Kg8 29.Qf4
e5 30.dxe6 Qxe6 31.Bf1 Qd5 32.f3 Qxd4 33.fxe4 fxe4 {#R} 0-1

[Event "Ch Europe (team) (qual)"]
[Site "masterchessopen.com Bad Pyrmont (Germany)"]
[Round "2"]
[White "Baumgartner Heinz (AUT)"]
[Black "Kohl Werner (GER)"]
[Result "1-0"]
[WhiteElo "2295"]
[BlackElo "2305"]

1.d4 Nf6 2.c4 g6 3.g3 Bg7 4.Bg2 d5 5.cxd5 Nxd5 6.e4 Nb6 7.Ne2 Nc6 8.d5 Ne5
9.f4 Nec4 10.Nbc3 Qd6 11.b3 Bg4 12.e5 Qb4 13.O-O Bxe2 14.Nxe2 Qc5+ 15.Qd4
Qxd4+ 16.Nxd4 Nd6 17.Rd1 Nf5 18.Nxf5 gxf5 19.Ba3 Kd7 20.Rac1 Rac8 21.Bh3 e6
22.dxe6+ Kxe6 23.g4 fxg4 24.Bxg4+ f5 25.exf6+ Kxf6 26.Bxc8 Rxc8 27.Bb2+ Kf7
28.Bxg7 Kxg7 29.a4 a5 30.Kf2 c6 31.Rd6 Rf8 32.Rg1+ Kf7 33.Rh6 Rh8 34.Kf3 Nd5
35.f5 Nf6 36.Re1 Kg7 37.Rh4 Nd5 38.Re6 Rf8 39.Ke4 Nf6+ 40.Ke5 Rf7 41.Rxf6 {#r}
1-0

[Event "Zt"]
[Site "masterchessopen.com Quito (Ecuador)"]
[Round "0"]
[White "Yepez Olavo (ECU)"]
[Black "Rojas Sepulveda Eduardo (CHI)"]
[Result "1-0"]
[WhiteElo "2305"]
[BlackElo "2315"]

1.d4 d5 2.c4 Nf6 3.cxd5 Nxd5 4.g3 g6 5.Bg2 Bg7 6.e4 Nb6 7.Ne2 Nc6 8.d5 Ne5
9.h3 O-O 10.O-O e6 11.Nbc3 exd5 12.exd5 Nec4 13.b3 Nd6 14.a4 Re8 15.Bb2 Nd7
16.Rc1 Nf6 17.Nd4 Bd7 18.Kh2 a6 19.Qd2 Nfe4 20.Nxe4 Nxe4 21.Qc2 Bxd4 22.Bxd4
Bf5 23.g4 Qd6+ 24.f4 Ng3 25.gxf5 Re2 26.Qc5 Nxf1+ 27.Rxf1 Qxc5 28.Bxc5 gxf5
29.Rf3 f6 30.Rf2 Re1 31.d6 cxd6 32.Bxb7 Rd8 33.Rg2+ Kf8 34.Bd4 d5 35.Bb6 Rd7
36.Bc6 Rg7 37.Bc5+ Kg8 38.Bxd5+ Kh8 39.Bd4 Rxg2+ 40.Kxg2 Kg7 41.Bc4 Re4 42.Bc3
Rxf4 43.Bxa6 Kf7 44.Bc4+ Ke7 45.a5 Kd7 46.a6 {#r} 1-0

[Event "It"]
[Site "masterchessopen.com San Juan (USA)"]
[Round "14"]
[White "Martinez Ibrahim (MEX)"]
[Black "Byrne Robert E (USA)"]
[Result "1-0"]
[WhiteElo "2340"]
[BlackElo "2434"]

1.d4 Nf6 2.c4 g6 3.g3 d5 4.cxd5 Nxd5 5.Bg2 Bg7 6.e4 Nb6 7.Ne2 O-O 8.O-O a5
9.Nbc3 Na6 10.Bf4 Be6 11.d5 Bd7 12.Qc1 c6 13.dxc6 Bxc6 14.Rd1 Qe8 15.Bh6 Bxh6
16.Qxh6 Nc4 17.b3 Nd6 18.Nd4 Nc5 19.e5 Bxg2 20.exd6 Bc6 21.Nf5 gxf5 22.Qg5+
Kh8 23.dxe7 f6 24.exf8=Q+ Qxf8 25.Qxf5 Re8 26.Re1 Nd7 27.Rxe8 Qxe8 28.Kf1 Qe7
29.Rd1 Kg7 30.Nb5 Ne5 31.Nd4 Bd7 32.Qh5 Kg8 33.Nf5 Qc5 34.Nd6 Qc6 35.f4 Bh3+
36.Kf2 {#r} 1-0

[Event "Ch Leningrad"]
[Site "masterchessopen.com Leningrad (Russia)"]
[Round "0"]
[White "Osnos Viatcheslav (RUS)"]
[Black "Karasev Vladimir I (RUS)"]
[Result "1-0"]
[WhiteElo "2540"]
[BlackElo "2372"]

1.d4 g6 2.c4 Nf6 3.g3 Bg7 4.Bg2 d5 5.cxd5 Nxd5 6.e4 Nb6 7.Ne2 O-O 8.O-O Nc6
9.d5 Na5 10.Qd2 Nac4 11.Qc2 Bd7 12.Nbc3 c6 13.dxc6 Bxc6 14.Rd1 Qe8 15.b3 Nd6
16.Nd4 Rc8 17.Bb2 Nb5 18.Ncxb5 Bxb5 19.Qd2 Ba6 ( 19...Bd7 20.a4 Rd8 21.Qe3 { P
} ) 20.Bh3 Rd8 21.Qe3 e6 ( 21...e5 22.Nc2 Rxd1+ 23.Rxd1 Qb8 24.Nb4 { P } )
22.a4 Nc8 23.Ba3 Ne7 24.Rac1 Qd7 25.e5 Rfe8 26.Qe1 Nd5 27.Bd6 Bf8 ( 27...f5
28.exf6 Bxf6 29.Bxe6+ Rxe6 30.Qxe6+ Qxe6 31.Nxe6 Rxd6 32.Nc7 { +?? } ) 28.Nxe6
fxe6 29.Rxd5 Bh6 30.Rc3 b6 31.Rd1 Rc8 32.Rxc8 Qxc8 33.Bf1 Bb7 34.Bb5 Ba8
35.Rd3 Qc2 36.Rc3 Qb2 37.Rc7 Qxb3 38.Bxe8 Qf3 39.Bf7+ {#r} 1-0

[Event "Ch DDR"]
[Site "masterchessopen.com Straussberg (Germany)"]
[Round "9"]
[White "Lehmann Karl-Heinz (GER)"]
[Black "Malich Burkhard Dr (GER)"]
[Result "1-0"]
[WhiteElo "2142"]
[BlackElo "2450"]

1.d4 Nf6 2.c4 g6 3.g3 Bg7 4.Bg2 d5 5.cxd5 Nxd5 6.e4 Nb6 7.Ne2 Bg4 8.Nbc3 O-O
9.f3 Be6 10.O-O Bc4 11.Be3 a5 12.b3 Ba6 13.Rc1 Nc6 14.f4 e6 15.Qd2 Ne7 16.Rfd1
f5 17.d5 fxe4 18.dxe6 Qxd2 19.Rxd2 Rf6 20.Nxe4 Rxe6 21.Nd4 Bxd4 22.Bxd4 Nbd5
23.Be3 Rb6 24.Rcd1 c6 25.Bd4 Rb4 26.Bc5 Rb5 27.Bf1 Rxc5 28.Nxc5 Bxf1 29.Rxf1
b6 30.Nd3 a4 31.Ne5 axb3 32.axb3 Ra5 33.Rc1 c5 34.Rcd1 Rb5 35.Rd3 Nf6 36.Ra1
Nfd5 37.Nc4 Rb4 38.Ra7 Kf8 39.Ne3 Nf6 40.Rb7 b5 41.Rc7 c4 42.bxc4 bxc4 43.Rxc4
Rb2 44.Rc7 h5 45.Ra3 Rb1+ 46.Kg2 Ne4 47.Ra8+ Kf7 48.Raa7 Rb2+ 49.Kf1 Nd2+
50.Ke1 {#r} 1-0

[Event "It"]
[Site "masterchessopen.com Sunny Beach (Bulgaria)"]
[Round "0"]
[White "Spassov Liuben (BUL)"]
[Black "Slavov Dimcho (BUL)"]
[Result "1-0"]
[WhiteElo "2430"]
[BlackElo "2225"]

1.d4 Nf6 2.c4 g6 3.g3 d5 4.cxd5 Nxd5 5.Bg2 Bg7 6.e4 Nb6 7.Ne2 O-O 8.Nbc3 Nc6
9.d5 Ne5 10.f4 Nec4 11.a4 e5 12.dxe6 Qxd1+ 13.Nxd1 Bxe6 14.a5 Nd7 15.a6 bxa6
16.f5 gxf5 17.exf5 Bxf5 18.Bxa8 Rxa8 19.Ne3 Nxe3 20.Bxe3 Re8 21.Ra3 Bxb2
22.Rb3 Be4 23.O-O Bg7 24.Bxa7 Nb6 25.Kf2 Bd5 26.Rb4 a5 27.Rg4 Kh8 28.Rc1 Be5
29.Rc5 f5 30.Rh4 Be4 31.Rxa5 Re7 32.Ra2 Kg7 33.Rd2 Bd6 34.Bxb6 Bb4 35.Bd4+ Kg6
36.Nf4+ {#r} 1-0

[Event "Ch URS (qual)"]
[Site "masterchessopen.com Rostov on Don (Russia)"]
[Round "0"]
[White "Osnos Viatcheslav (RUS)"]
[Black "Sideif-Sade Fikret I (AZE)"]
[Result "1-0"]
[WhiteElo "2384"]
[BlackElo "2381"]

1.d4 Nf6 2.c4 g6 3.g3 Bg7 4.Bg2 d5 5.cxd5 Nxd5 6.e4 Nb6 7.Ne2 O-O 8.O-O Nc6
9.d5 Na5 10.Qd2 Nac4 11.Qc2 e6 12.dxe6 Bxe6 13.Nbc3 Nd6 14.Bf4 Qe7 15.Rad1
Rfd8 16.Nd4 Bg4 17.f3 Bd7 18.Rfe1 Ndc4 19.b3 Na3 20.Qc1 Qb4 21.Nce2 Nb5 22.e5
Qa5 23.Nxb5 Bxb5 24.Nd4 Ba6 25.a3 Nd5 26.Bg5 Re8 27.f4 c6 28.b4 Qb6 29.Kh1
Rac8 30.Nb3 f6 31.exf6 Nxf6 32.Bxf6 Bxf6 33.Nc5 Bg7 34.f5 Rcd8 35.fxg6 hxg6
36.Be4 Rxd1 37.Qxd1 Bc4 38.Bxg6 Rd8 39.Qh5 Bd5+ 40.Ne4 Qf2 41.Qxd5+ {#r} 1-0

[Event "Ch URS (qual)"]
[Site "masterchessopen.com Lvov (Ukraine)"]
[Round "0"]
[White "Osnos Viatcheslav (RUS)"]
[Black "Tunik Gennady (RUS)"]
[Result "1-0"]
[WhiteElo "2384"]
[BlackElo "2412"]

1.d4 Nf6 2.c4 g6 3.g3 Bg7 4.Bg2 d5 5.cxd5 Nxd5 6.e4 Nb6 7.Ne2 c5 8.d5 e6 9.O-O
exd5 10.exd5 O-O 11.Nec3 Nc4 12.Nd2 Ne5 13.Nde4 c4 14.Bg5 f6 15.Be3 Na6 16.Qd2
Bh3 17.f4 Bxg2 18.Kxg2 Nd3 19.f5 Nc7 20.d6 Ne8 21.Bc5 Qd7 22.Nd5 Nxc5 23.Ne7+
Kh8 24.Nxc5 Qxd6 25.Qxd6 Nxd6 26.fxg6 Rfe8 27.Rae1 f5 28.Re6 Bxb2 29.Rf4 b6
30.Na6 Nc8 31.g7+ Bxg7 32.Ng6+ Kg8 33.Rxe8+ Kf7 34.Rd8 Bf6 35.Nh8+ Kg7 36.Re8
c3 37.Rc4 {#r} 1-0

[Event "?"]
[Site "masterchessopen.com Dortmund (Germany)"]
[Round "0"]
[White "Hort Vlastimil (GER)"]
[Black "Gutman Lev (GER)"]
[Result "1-0"]
[WhiteElo "2545"]
[BlackElo "2485"]

1.c4 g6 2.g3 Nf6 3.Bg2 d5 4.cxd5 Nxd5 5.d4 Bg7 6.e4 Nb6 7.Ne2 O-O 8.O-O c5
9.dxc5 N6d7 10.Qc2 Nc6 11.Be3 Nde5 12.Nbc3 Qd3 13.Qxd3 Nxd3 14.b3 f5 15.Rad1
Nde5 16.f4 Ng4 17.Bc1 fxe4 18.Nxe4 Nh6 19.Ng5 Kh8 20.h3 a5 21.Be3 a4 22.Nd4
Nf5 23.Nxf5 Bxf5 24.g4 Bc8 25.Rfe1 h6 26.Nf3 Be6 27.Nd4 Bd7 28.Be4 e5 29.fxe5
axb3 30.axb3 Bxe5 31.Nf3 Bg3 32.Rxd7 Bxe1 33.Bxc6 Bc3 34.Bxb7 Ra2 35.Bd4+
Bxd4+ 36.Rxd4 Re8 {#r} 1-0

[Event "It (open) \"]
[Site "masterchessopen.com Chicago (USA)"]
[Round "2"]
[White "De Fotis Gary (USA)"]
[Black "Kreckler Warren"]
[Result "1-0"]
[WhiteElo "2021"]
[BlackElo "2200"]

1.d4 Nf6 2.g3 g6 3.Bg2 d5 4.c4 Bg7 5.cxd5 Nxd5 6.e4 Nb6 7.Ne2 O-O 8.Nbc3 Nc6
9.d5 Na5 10.b3 c6 11.Ba3 cxd5 12.exd5 Bf5 13.Rc1 Nc8 14.Nd4 Nd6 15.O-O Rc8
16.Re1 Bd7 17.Ne4 Rxc1 18.Bxc1 Nb5 19.Nxb5 Bxb5 20.a4 Bd7 21.Ba3 Re8 22.Nc5
Bc8 23.Bf1 b6 24.Na6 Bf6 25.b4 Nb7 26.b5 Bf5 27.Nb4 Qd6 28.Re3 Nc5 29.Nc6 Qd7
30.Bc4 Ne4 31.g4 Bxg4 32.f3 Nc3 33.Rxc3 Bxc3 34.fxg4 Bf6 35.Qf3 Kg7 36.Bd3 h6
37.h4 Qc7 38.h5 Rf8 {#r} 1-0

[Event "It (cat.7)"]
[Site "masterchessopen.com Elberfeld (Germany)"]
[Round "0"]
[White "King Daniel J (ENG)"]
[Black "Gutman Lev (GER)"]
[Result "1-0"]
[WhiteElo "2460"]
[BlackElo "2460"]

1.d4 Nf6 2.c4 g6 3.g3 Bg7 4.Bg2 d5 5.cxd5 Nxd5 6.e4 Nb6 7.Ne2 O-O 8.O-O a5
9.Nbc3 a4 10.Bf4 c6 11.h3 N8d7 12.e5 Nb8 13.Qc1 Na6 14.Bh6 Nb4 15.Rd1 Bf5
16.Bxg7 Kxg7 17.Nf4 N4d5 18.Bxd5 Nxd5 19.Ncxd5 cxd5 20.Qe3 Qd7 21.g4 Be6
22.Rac1 Rfc8 23.Kh2 Ra6 24.Rxc8 Qxc8 25.Rc1 Rc6 26.Rxc6 Qxc6 27.Qc3 Qc4
28.Qxc4 dxc4 29.Ne2 g5 30.Nc3 Bd7 31.Kg3 f6 32.f4 fxe5 33.dxe5 gxf4+ 34.Kxf4
Bc6 35.h4 Kg6 36.h5+ Kg7 37.a3 Kf7 38.Ne2 b5 39.Nd4 Bd7 40.Ne2 Bc6 41.Nd4 {#r}
1-0

[Event "It \"]
[Site "masterchessopen.com Trnava (Slovakia)"]
[Round "0"]
[White "Priehoda Vitezslav (CZE)"]
[Black "Banas Jan (SVK)"]
[Result "0-1"]
[WhiteElo "2388"]
[BlackElo "2395"]

1.d4 Nf6 2.c4 g6 3.g3 Bg7 4.Bg2 d5 5.cxd5 Nxd5 6.e4 Nb6 7.Ne2 O-O 8.Nbc3 c6
9.O-O e5 10.dxe5 Bxe5 11.Qc2 Na6 12.Bh6 Bg7 13.Bxg7 Kxg7 14.Rfd1 Qe7 15.b3 Be6
16.Nd4 Rad8 17.Nxe6+ Qxe6 18.Bf1 Nc7 19.Qb2 Qe5 20.Rac1 Kg8 21.f4 Qe7 22.Qf2
Qb4 23.Qe3 Rfe8 24.Bg2 Ncd5 25.Nxd5 Nxd5 26.Qxa7 Nc3 27.Rxd8 Rxd8 28.Qe3 Nxa2
29.Re1 Nc3 30.e5 Nd1 31.Qe2 Rd2 {#R} 0-1

[Event "Ch China (team)"]
[Site "masterchessopen.com China"]
[Round "0"]
[White "Lin Ta (CHN)"]
[Black "Deng Kong Liang (USA)"]
[Result "1-0"]
[WhiteElo "2372"]
[BlackElo "2427"]

1.d4 Nf6 2.c4 g6 3.g3 Bg7 4.Bg2 d5 5.cxd5 Nxd5 6.e4 Nb6 7.Ne2 O-O 8.O-O e5
9.d5 c6 10.Nec3 cxd5 11.exd5 Na6 12.Na3 Bd7 13.Be3 f5 14.Qd2 Qf6 15.Bg5 Qd6
16.Rfd1 Rac8 17.Ncb5 Bxb5 18.Nxb5 Qd7 19.Nxa7 Ra8 20.Qa5 Nc4 21.Qb5 Qxb5
22.Nxb5 Nxb2 23.Rd2 e4 24.Rb1 Nd3 25.f3 Nac5 26.fxe4 fxe4 27.Be3 Rfd8 28.Nc7
Ra4 29.Ne6 Rxd5 30.Nxc5 Rxc5 31.Rxd3 exd3 32.Bxc5 d2 33.Rd1 Bh6 34.Kf2 Ra5
35.Be3 Rf5+ {#r} 1-0

[Event "It"]
[Site "masterchessopen.com Trnava (Slovakia)"]
[Round "7"]
[White "Stohl Igor (SVK)"]
[Black "Banas Jan (SVK)"]
[Result "1-0"]
[WhiteElo "2465"]
[BlackElo "2400"]

1.d4 Nf6 2.c4 g6 3.g3 Bg7 4.Bg2 d5 5.cxd5 Nxd5 6.e4 Nb6 7.Ne2 O-O 8.O-O e5
9.d5 c6 10.Nbc3 cxd5 11.exd5 Na6 12.d6 Qd7 13.b3 Rd8 14.Ba3 f5 15.Rc1 Qf7
16.Nd5 Nxd5 17.Qxd5 e4 18.Qxf7+ Kxf7 19.f3 Bh6 20.Rc2 Be3+ 21.Kh1 exf3 22.Rxf3
Bb6 23.Rfc3 Be6 24.Nf4 Rd7 25.Re2 Nc7 26.Bxb7 Nb5 27.Bxa8 Nxc3 28.Rxe6 {#r}
1-0

[Event "?"]
[Site "masterchessopen.com Berlin (Germany)"]
[Round "2"]
[White "Stohl Igor (SVK)"]
[Black "Zlatanova Emilia (BUL)"]
[Result "1-0"]
[WhiteElo "2524"]
[BlackElo "2040"]

1.d4 Nf6 2.c4 g6 3.g3 Bg7 4.Bg2 d5 5.cxd5 Nxd5 6.e4 Nb6 7.Ne2 c5 8.d5 Na6
9.O-O O-O 10.Nec3 e6 11.a4 exd5 12.exd5 Nc4 13.Nd2 Nxd2 14.Bxd2 Bf5 15.Be3 Qd7
16.Re1 b6 17.d6 Rad8 18.Bg5 f6 19.Bf4 Rde8 20.Qb3+ Kh8 21.Bf1 Nb4 22.Bb5 Rxe1+
23.Rxe1 Qb7 24.Re7 Qf3 25.Qf7 {#r} 1-0

[Event "Bundesliga 1988/89 (2nd)"]
[Site "masterchessopen.com Germany"]
[Round "0"]
[White "Birnbaum Detlev (FRA)"]
[Black "Roeschlau Bernd (GER)"]
[Result "0-1"]
[WhiteElo "2148"]
[BlackElo "2222"]

1.d4 Nf6 2.c4 g6 3.g3 Bg7 4.Bg2 d5 5.cxd5 Nxd5 6.e4 Nb6 7.Ne2 O-O 8.O-O c6
9.Nbc3 Na6 10.a4 e5 11.d5 cxd5 12.exd5 Bg4 13.a5 Nc4 14.Ra4 Rc8 15.d6 Qd7
16.Qb3 Bxe2 17.Nxe2 Nc5 18.Qxc4 Nxa4 19.Qb4 Nc5 20.Rd1 e4 21.Nf4 Rfe8 22.Be3
g5 23.Bh3 f5 24.Nd5 g4 25.Bxc5 gxh3 26.Qb3 Kh8 27.Bb4 Rcd8 28.Nc7 e3 29.Nxe8
Qc6 30.Qd5 e2 {#R} 0-1

[Event "Ch Latvia"]
[Site "masterchessopen.com Latvia"]
[Round "0"]
[White "Kengis Edvins (LAT)"]
[Black "Levchenkov Vitaly (LAT)"]
[Result "1-0"]
[WhiteElo "2470"]
[BlackElo "2260"]

1.d4 Nf6 2.c4 g6 3.g3 Bg7 4.Bg2 d5 5.cxd5 Nxd5 6.e4 Nb6 7.Ne2 O-O 8.O-O c5
9.dxc5 Qxd1 10.Rxd1 Na4 11.Nbc3 Nxc5 12.Be3 Nca6 13.a3 Nc6 14.b4 Nc7 15.Rac1
e5 16.b5 Na5 17.Bxa7 Rxa7 18.b6 Ra6 19.bxc7 Nb3 20.Rb1 Rxa3 21.Nb5 Ra2 22.Nec3
{#r} 1-0

[Event "It"]
[Site "masterchessopen.com Salamanca (Spain)"]
[Round "10"]
[White "Andruet Gilles (FRA)"]
[Black "Sion Castro Marcelino (ESP)"]
[Result "1-0"]
[WhiteElo "2430"]
[BlackElo "2371"]

1.d4 Nf6 2.c4 g6 3.g3 Bg7 4.Bg2 d5 5.cxd5 Nxd5 6.e4 Nb6 7.Ne2 O-O 8.O-O Nc6
9.d5 Na5 10.Nbc3 c6 11.b3 cxd5 12.exd5 e6 13.Ba3 Re8 14.d6 Bd7 15.Rc1 f5
16.Rc2 Bc6 17.Bxc6 bxc6 18.Na4 Nd5 19.Qd2 Nb7 20.Rxc6 Be5 21.Nec3 Bxd6 22.Bxd6
Nxd6 23.Nc5 Nf7 24.Nxe6 Rxe6 25.Rxe6 Ng5 26.Qxd5 Qxd5 27.Rxg6+ hxg6 28.Nxd5
{#r} 1-0

[Event "?"]
[Site "masterchessopen.com Sibenik (Croatia)"]
[Round "0"]
[White "Ruban Vadim (RUS)"]
[Black "Kozul Zdenko (CRO)"]
[Result "0-1"]
[WhiteElo "2395"]
[BlackElo "2505"]

1.d4 Nf6 2.c4 g6 3.g3 Bg7 4.Bg2 d5 5.cxd5 Nxd5 6.e4 Nb6 7.Ne2 O-O 8.Nbc3 Nc6
9.d5 Na5 10.O-O c6 11.b3 cxd5 12.exd5 Bg4 13.Bd2 e6 14.dxe6 Nc6 15.Qe1 Ne5
16.Nf4 fxe6 17.h3 Nf3+ 18.Bxf3 Bxf3 19.Nxe6 Qd7 20.Qe3 Rf6 21.Rae1 Re8 22.Nc5
Qxh3 23.Qxf3 Rxe1 24.Qg2 Rxf1+ 25.Qxf1 Qxf1+ 26.Kxf1 Rf7 27.N3e4 Bd4 28.Ne6
Re7 29.Nxd4 Rxe4 30.Nb5 a6 31.Nc3 Re6 32.Be3 Rc6 33.Bd4 Nd7 34.Ke2 Kf7 35.Ke3
Nf6 36.Kd3 g5 37.Na4 h5 38.Nc5 b5 39.b4 h4 40.gxh4 gxh4 41.Ke2 Nd5 {#R} 0-1

[Event "It (open) \"]
[Site "masterchessopen.com Bratislava (Slovakia)"]
[Round "1"]
[White "Petran Peter (SVK)"]
[Black "Mocary Metod (SVK)"]
[Result "1-0"]
[WhiteElo "2297"]
[BlackElo "1990"]

1.d4 Nf6 2.c4 g6 3.g3 Bg7 4.Bg2 d5 5.cxd5 Nxd5 6.e4 Nb6 7.Ne2 O-O 8.Nbc3 Nc6
9.d5 Nb8 10.O-O c6 11.Qb3 e6 12.dxc6 Nxc6 13.Rd1 Qe7 14.Be3 Nd7 15.Rac1 Rd8
16.Nb5 e5 17.Nec3 Nf6 18.Bg5 Rxd1+ 19.Rxd1 Bg4 20.Nd5 Qc5 21.Rc1 Nd4 22.Nxd4
{#r} 1-0

[Event "Ch Czechoslovakia (team)"]
[Site "masterchessopen.com Czechoslovakia"]
[Round "0"]
[White "Mozny Milos (CZE)"]
[Black "Ftacnik Lubomir (SVK)"]
[Result "0-1"]
[WhiteElo "2346"]
[BlackElo "2550"]

1.d4 Nf6 2.c4 g6 3.g3 Bg7 4.Bg2 d5 5.cxd5 Nxd5 6.e4 Nb6 7.Ne2 c5 8.d5 e6
9.Nbc3 O-O 10.O-O Na6 11.b3 exd5 12.exd5 Re8 13.Bb2 Bf5 14.Qd2 Nc8 15.f3 Nd6
16.g4 Bd7 17.Ne4 Nxe4 18.fxe4 Bxb2 19.Qxb2 Bb5 20.e5 Qg5 21.e6 fxe6 22.dxe6
Rxe6 23.Nf4 Bxf1 24.Rxf1 Rd6 25.h4 Qxg4 26.Qe5 Rad8 27.h5 g5 28.Kh1 Nc7 29.Nh3
Rd2 30.Qxg5+ Qxg5 31.Nxg5 Rd1 32.h6 R8d6 33.Rxd1 Rxd1+ 34.Kh2 Rd6 35.Bxb7
Rxh6+ 36.Kg3 Rd6 37.Ne4 Rg6+ 38.Kf4 Kf8 39.Ke5 h5 40.Nxc5 Rg5+ 41.Kd6 Nb5+
42.Kc6 Nd4+ 43.Kd6 h4 44.b4 h3 45.a4 h2 46.Nd3 Nc6 47.Nf2 Nxb4 48.Be4 Kg7
49.Kc7 Ra5 {#R} 0-1

[Event "It"]
[Site "masterchessopen.com Joensuu (Finland)"]
[Round "0"]
[White "Yrjola Jouni (FIN)"]
[Black "Paasikangas-T Johanna (FIN)"]
[Result "1-0"]
[WhiteElo "2460"]
[BlackElo "2238"]

1.d4 Nf6 2.c4 g6 3.g3 Bg7 4.Bg2 d5 5.cxd5 Nxd5 6.e4 Nb6 7.Ne2 Nc6 8.d5 Ne5
9.f4 Nec4 10.e5 f6 11.b3 fxe5 12.bxc4 exf4 13.Nbc3 Bg4 14.Qd3 fxg3 15.hxg3 O-O
16.Bh6 Bxh6 17.Rxh6 Qd6 18.Rh4 Bxe2 19.Kxe2 Na4 20.Qe3 Qa3 21.Nxa4 Qxa4 22.Qb3
Qd7 23.Bh3 Qd6 24.Be6+ Kg7 25.Qe3 h5 26.Rxh5 {#r} 1-0

[Event "Ch Paris (open)"]
[Site "masterchessopen.com Paris (France)"]
[Round "6"]
[White "Fedorowicz John P (USA)"]
[Black "Gutman Lev (GER)"]
[Result "1-0"]
[WhiteElo "2535"]
[BlackElo "2535"]

1.d4 Nf6 2.c4 g6 3.g3 Bg7 4.Bg2 d5 5.cxd5 Nxd5 6.e4 Nb6 7.Ne2 c5 8.d5 e6 9.O-O
O-O 10.Nec3 Na6 11.Na3 exd5 12.exd5 Bf5 13.Be3 c4 14.Bd4 Bd3 15.Bxg7 Kxg7
16.Re1 {#r} 1-0

[Event "It (open)"]
[Site "masterchessopen.com Tampere (Finland)"]
[Round "0"]
[White "Paasikangas-T Johanna (FIN)"]
[Black "Heinola Vesa (SWE)"]
[Result "1-0"]
[WhiteElo "2238"]
[BlackElo "2216"]

1.d4 Nf6 2.c4 g6 3.g3 Bg7 4.Bg2 d5 5.cxd5 Nxd5 6.e4 Nb6 7.Ne2 O-O 8.O-O Nc6
9.d5 Na5 10.Nbc3 e6 11.Bf4 exd5 12.exd5 Nac4 13.b3 Ne5 14.Rc1 a6 15.Nd4 Re8
16.Qd2 Bd7 17.Bg5 Qc8 18.Ne4 Qb8 19.f4 Ng4 20.h3 Nxd5 21.hxg4 h6 22.Nc5 hxg5
23.Bxd5 Bc6 24.Nxc6 bxc6 25.Bxc6 Rd8 26.Nd7 Qa7+ 27.Kh1 Rab8 28.fxg5 a5 29.Qd5
{#r} 1-0

[Event "It (open) \"]
[Site "masterchessopen.com Budapest (Hungary)"]
[Round "0"]
[White "Gauglitz Gernot (GER)"]
[Black "Lehmann Heinz G (GER)"]
[Result "0-1"]
[WhiteElo "2406"]
[BlackElo "2285"]

1.d4 Nf6 2.c4 g6 3.g3 Bg7 4.Bg2 d5 5.cxd5 Nxd5 6.e4 Nb6 7.Ne2 c5 8.d5 e6
9.Nbc3 exd5 10.exd5 O-O 11.O-O Na6 12.b3 Bf5 13.Bb2 Qd7 14.Nf4 Nb4 15.Qd2 Rfe8
16.Rac1 Bh6 17.Nce2 Nd3 18.Qc3 Nxb2 19.Qxb2 Qd6 20.Qa3 Nd7 21.Nd4 Bxf4 22.gxf4
Be4 23.Nb5 Qf6 24.Rc3 Bxg2 25.Kxg2 a6 {#R} 0-1

[Event "It (open)"]
[Site "masterchessopen.com Gausdal (Norway)"]
[Round "0"]
[White "Einarsson Arnthor (ISL)"]
[Black "Vujatovic Rajko (ENG)"]
[Result "1-0"]
[WhiteElo "2238"]
[BlackElo "2222"]

1.d4 Nf6 2.c4 g6 3.g3 Bg7 4.Bg2 d5 5.cxd5 Nxd5 6.e4 Nb6 7.Ne2 O-O 8.Nbc3 Nc6
9.d5 Na5 10.O-O c6 11.b3 cxd5 12.exd5 Bg4 13.f3 Bf5 14.Ba3 Rc8 15.Rc1 Re8
16.Kh1 h5 17.Bb4 Na8 18.Qd2 Nc6 19.Bc5 Nb6 20.f4 Qd7 21.Nb5 a6 22.Na3 Na8
23.Nc4 Nd8 24.Ne5 Bxe5 25.fxe5 Bh3 26.Bxh3 Qxh3 27.Nf4 Qd7 28.Qd3 Nc7 29.e6
Ncxe6 30.dxe6 Qc6+ 31.Kg1 Nxe6 32.Nxe6 Qxe6 33.Rce1 Qc6 34.Bxe7 Qb6+ 35.Qe3
Qa5 36.Qf2 Qd5 37.Re5 {#r} 1-0

[Event "Ch Finland"]
[Site "masterchessopen.com Helsinki (Finland)"]
[Round "0"]
[White "Tyni Jukka-Pekka (FIN)"]
[Black "Kekki Petri (FIN)"]
[Result "1-0"]
[WhiteElo "2280"]
[BlackElo "2335"]

1.d4 Nf6 2.c4 g6 3.g3 Bg7 4.Bg2 d5 5.cxd5 Nxd5 6.e4 Nb6 7.Ne2 Nc6 8.d5 Na5
9.Nbc3 c6 10.O-O O-O 11.h3 e5 12.b3 cxd5 13.exd5 Re8 14.Ba3 Nd7 15.Ne4 Bf8
16.Bxf8 Nxf8 17.Rc1 b6 18.b4 Nb7 19.Rc6 Nd7 20.g4 f5 21.gxf5 gxf5 22.Nd6 Nxd6
23.Rxd6 Qh4 24.Qa4 Qc4 25.Qc6 Ba6 26.Qxd7 Qxe2 27.Qxf5 Re7 28.Qg5+ Rg7 29.Rd8+
Rxd8 30.Qxd8+ Kf7 31.Rc1 Kg6 32.Qh4 Kf5 33.Kh2 Bb7 34.Rc3 e4 35.Re3 Rxg2+
36.Kxg2 Qc2 37.Qxh7+ {#r} 1-0

[Event "It (open)"]
[Site "masterchessopen.com Kecskemet (Hungary)"]
[Round "4"]
[White "Golikov Anatolij (RUS)"]
[Black "Stajcic Nikola (AUT)"]
[Result "1-0"]
[WhiteElo "2338"]
[BlackElo "2279"]

1.d4 Nf6 2.c4 g6 3.g3 Bg7 4.Bg2 d5 5.cxd5 Nxd5 6.e4 Nb6 7.Ne2 O-O 8.O-O Nc6
9.d5 Na5 10.Nbc3 c6 11.b3 cxd5 12.exd5 e6 13.Ba3 Re8 14.d6 a6 15.Rc1 e5 16.Ne4
f5 17.Nc5 Nc6 18.Nxb7 Bxb7 19.Bxc6 Bxc6 20.Rxc6 Nd7 21.Qd5+ Kh8 22.Rd1 e4
23.Rc7 Ne5 24.Kg2 Nd3 25.Nc1 Nxc1 26.Bxc1 Qf6 27.Be3 Qf8 28.Rf7 {#r} 1-0